| 000 | 01912nam a22002177a 4500 | ||
|---|---|---|---|
| 003 | DO-SdBNP | ||
| 005 | 20210915102501.0 | ||
| 007 | ta | ||
| 008 | 210915b200? ||||| |||| 00| 0 spa d | ||
| 020 | _a978-9945-606-38-6 | ||
| 040 |
_aDO-SdBNP _bspa _cBNPHU |
||
| 082 |
_aF- _bR426 |
||
| 110 |
_aRepública Dominicana _b[Leyes, etc.] _911088 |
||
| 245 | _aLey No. 17-19 sobre la Erradicación del Comercio Ilícito, Contrabando y Falsificación de Productos Regulados / | ||
| 260 |
_aSanto Domingo : _bDalis, _c2000? |
||
| 300 |
_a32 p. ; _c22 cm |
||
| 505 | _aCapítulo I. De las disposiciones iniciales 3 -- Capítulo II. De las disposiciones orgánicas y especiales 6 -- Sección I. Del Ministerio Público 6 -- Sección II. Del consejo interinstitucional público-privado de prevención 7 -- Sección III. De las competencias intrínsecas de los órganos reguladores 8 -- Capítulo III. Infracciones y sanciones administrativas 9 -- Capítulo IV. De los delitos y sanciones penales 12 -- Sección I. De los delitos tributarios 12 -- Sección II. Del delito y sanciones del comercio ilícito 13 -- Sección III. Del contrabando y delito aduanero 14 -- Sección IV. Del carácter transnacional de los delitos 17 -- Sección V. De la complicidad 17 -- Sección VI. De los delitos conexos 18 -- Sección VII. De los delitos de obstrucción de la justicia 18 -- Sección VIII. De la reincidencia 19 -- Capítulo V. Recursos administrativos 19 -- Capítulo VI. De la acción judicial 19 -- Sección I. De la competencia judicial 19 -- Sección II. Del decomiso y destrucción de productos 20 -- Sección III. Del destino de los bienes decomisados 21 -- Sección IV. De las técnicas de investigación del comercio ilícito 21 -- Capítulo VII. De las disposiciones generales 22 -- Disposiciones transitorias 23 -- Disposición final 23 | ||
| 590 | _aInventariado, 2021 / DG | ||
| 910 | _aD/G | ||
| 942 |
_2ddc _cLBS1 |
||
| 999 |
_c50512 _d50512 |
||